00742naa a2200217 i 45000010005000000030009000050050017000140080041000310210007000720350022000790400013001010410008001140430008001221000031001302450159001616500023003207730101003439420009004449990015004539520056004683097ES-MaBCM20241016090726.0880826s1988 usa 000 0 eng d axx a(OCoLC)1365168706 cES-MaBCM0 aeng ausa1 aHalberstam, Malvina92112210aTerrorism on the high seasb: the Achille Lauro piracy and the International Maritime Organization (IMO) Convention on Maritime SafetycMalvina Halberstam27aPiratería9597740 aEn:tAmerican journal of international lawdWashington : 1988w104703gnº 2, abril ; p. 269-310 cAREV c3097d3097 00104070aBCbBCd2012-04-21l0w2012-04-21yAREV